|
|
|
|
| LEADER |
00000naa a2200000 ar4500 |
| 001 |
vtls010180049 |
| 003 |
SK-MaSNL |
| 005 |
20260302143654.0 |
| 008 |
101018c2009 xo ||||||||||||00 b|slo |
| 015 |
|
|
|a SNBRA2010/09
|2 snkbucl
|
| 038 |
|
|
|a SNKBUCL
|
| 040 |
|
|
|a SNKBUCL
|b slo
|c SNKBUCL
|e AACR2
|
| 041 |
0 |
|
|a cze
|b eng
|b cze
|
| 044 |
|
|
|a xo
|c SK
|
| 080 |
|
|
|a 364:342.7:339.923
|x (4)
|2 2001
|
| 080 |
|
|
|a 342.7
|2 2001
|
| 080 |
|
|
|a 316.472.45
|2 2001
|
| 080 |
|
|
|a 339.923
|x (4)
|2 2001
|
| 100 |
1 |
|
|a Kofroň, Pavel
|4 aut
|9 833873
|
| 245 |
1 |
0 |
|a Sociální a ekonomická práva, bariéry při jejich uplatňování v rámci Evropské unie
|c Pavel Kofroň
|
| 246 |
3 |
1 |
|a Social and economic rights, barriers to their implementation within the European Union
|
| 300 |
|
|
|b Tab.
|
| 504 |
|
|
|a Bibliogr. odkazy
|
| 546 |
|
|
|a Súbežný názov angl. ; res. angl., čes.
|
| 610 |
2 |
7 |
|a Európska únia
|2 snkbucl
|9 29861
|
| 650 |
0 |
7 |
|a sociálne zabezpečenie
|2 snkbucl
|9 3720
|
| 650 |
0 |
7 |
|a hospodárske, sociálne a kultúrne práva
|2 snkbucl
|9 114395
|
| 650 |
0 |
7 |
|a ekonomické práva
|2 snkbucl
|9 833874
|
| 650 |
0 |
7 |
|a sociálna ochrana
|2 snkbucl
|9 29436
|
| 773 |
0 |
|
|t Sociálna a ekonomická núdza - bezpečnosť jedinca a spoločnosti
|d Bratislava : Vysoká škola zdravotníctva a sociálnej práce sv. Alžbety, 2009
|g S. 536-540
|z 9788089271634
|
| 852 |
|
|
|a SNK
|b KIS3GCP
|
| 958 |
|
|
|a NB
|
| 999 |
|
|
|c 1345704
|d 1347634
|